Kavyalankar (Record no. 48898)

MARC details
000 -LEADER
fixed length control field 00343nam a2200157Ia 4500
008 - FIXED-LENGTH DATA ELEMENTS--GENERAL INFORMATION
fixed length control field 230917s9999||||xx |||||||||||||| ||und||
020 ## - ISBN
Price RS21
040 ## - CATALOGING SOURCE
-- 155329
Original cataloging agency VIVEKANANDA LIBRARY
041 ## - Language
-- English
082 ## - DDC NUMBER
Classification number 891.2109 R835K
100 ## - MAIN ENTRY--PERSONAL NAME
Personal name Rudrat
245 #0 - TITLE STATEMENT
Title Kavyalankar
260 ## - PUBLICATION, DISTRIBUTION, ETC. (IMPRINT)
Place of publication, distribution, etc Delhi
Name of publisher, distributor, etc Vasudev
Date of publication, distribution, etc 1965
300 ## - PHYSICAL DESCRIPTION
Pages 512 p.
942 ## - ADDED ENTRY ELEMENTS (KOHA)
Koha item type Books
Holdings
Withdrawn status Lost status Damaged status Not for loan Location (home branch) Sublocation or collection (holding branch) Date acquired Koha issues (times borrowed) Koha full call number Accession No. Koha date last seen Koha item type
        VIVEKANANDA LIBRARY VIVEKANANDA LIBRARY 20/04/2010   891.2109 R835K 11660 17/09/2023 Books
© Designed and Maintained by Vivekananda Library, MDU Rohtak